000 00603nam a22001817a 4500
005 20251108175352.0
008 250721s2012 xx 000 0 ara d
082 1 4 _a303.64/إدا
100 1 _aالحمد، جواد
_eمحرر
245 1 0 _aإدارة المرحلة الانتقالية ما بعد الثورات العربية /
264 1 _aعمان :
_bمركز دراسات الشرق الاوسط،
_c2012.
300 _a57 ص.
650 1 7 _aالثورات
650 1 7 _aالبلدان العربية
650 1 7 _aالتغير الاجتماعي
942 _2ddc
_cBK
999 _c132500
_d132500